States With Only One S - Statistics

General Stats
  • This quiz has been taken 77 times
  • The average score is 12 of 14
Answer Stats
States % Correct
South Carolina
92%
Washington
92%
South Dakota
88%
Alaska
86%
Texas
86%
West Virginia
86%
Louisiana
82%
New Jersey
82%
New Hampshire
80%
Pennsylvania
78%
Illinois
75%
Minnesota
75%
Nebraska
74%
Rhode Island
74%
No matching quizzes found
Score Distribution
Percent of People with Each Score
Percentile by Number Answered
Your Score History
You have not taken this quiz